
Library Catalogue

| 000 -LEADER | |
|---|---|
| fixed length control field | 01626nam a2200205Ia 4500 |
| 003 - CONTROL NUMBER IDENTIFIER | |
| control field | OSt |
| 005 - DATE AND TIME OF LATEST TRANSACTION | |
| control field | 20251210130139.0 |
| 008 - FIXED-LENGTH DATA ELEMENTS--GENERAL INFORMATION | |
| fixed length control field | 201216b2016 ||||| |||| 00| 0 eng |
| 040 ## - CATALOGING SOURCE | |
| Transcribing agency | NLS |
| 100 ## - MAIN ENTRY--PERSONAL NAME | |
| Personal name | Avantika Gode |
| 245 #0 - TITLE STATEMENT | |
| Title | Environmental Goods And Services For Sustainable Public Procurement In India: |
| Remainder of title | Wto’s Gpa Vs Public Procurement Bill, 2012 |
| 260 ## - PUBLICATION, DISTRIBUTION, ETC. | |
| Place of publication, distribution, etc. | Bangalore |
| Name of publisher, distributor, etc. | NLSIU |
| Date of publication, distribution, etc. | 2016 |
| 300 ## - PHYSICAL DESCRIPTION | |
| Extent | 49p |
| 505 ## - FORMATTED CONTENTS NOTE | |
| Formatted contents note | Contents<br/>Chapter I: Introduction;<br/>1.1 Rationale for Research;<br/>1.2 Chapter Plan;<br/>Chapter 2: Background;<br/>2.1 Public Procurement;<br/>2.2 Sustainable Public Procurement;<br/>2.3 Environmental Goods and Services;<br/>2.4 Policy Overview;<br/>2.4.1 Public Procurement Bill, 2012;<br/>2.4.2 WTO·s Governmental Procurement Agreements;<br/>2.4.3 The possibility of Protectionism under GPA;<br/>2.4.4 Bilateral Agreements;<br/>Chapter 3: Research Methods and Design;<br/>3.1 Research Type;<br/>3.1.1. A Mixed Method Approach;<br/>3.1.2 Exploratory;<br/>3.1.3 Policy-Oriented Research;<br/>3.2 Research Objective;<br/>3. 3 Research Question;<br/>Chapter 4: TYPES OF DATA;<br/>4.1 Primary Data;<br/>4.2 Research Tools;<br/>4.3 Literature Review;<br/>4.4 Online Sources;<br/>4.5 Interviews;<br/>4.6 Case Studies;<br/>Chapter 5: ANALYSIS;<br/>5.1 Interviews;<br/>5.2 Level 1: Concepts;<br/>5.3 Level 3: Institutions;<br/>5.4 Level 4: Tools;<br/>5.5 Policy Intent;<br/>Chapter 6: Conclusion;<br/>G.1 Answer to Research Questions;<br/>6.2 Policy Insights;<br/>6.3 Conclusions.<br/> |
| 650 ## - SUBJECT ADDED ENTRY--TOPICAL TERM | |
| Topical term or geographic name entry element | Environmental Goods & Services |
| 650 ## - SUBJECT ADDED ENTRY--TOPICAL TERM | |
| Topical term or geographic name entry element | Sustainable Public Procurement - India |
| 700 ## - ADDED ENTRY--PERSONAL NAME | |
| Personal name | Prof. Rupa Chanda - Guide |
| 856 ## - ELECTRONIC LOCATION AND ACCESS | |
| Uniform Resource Identifier | <a href="https://dans.nls.ac.in/handle/123456789/136">https://dans.nls.ac.in/handle/123456789/136</a> |
| 942 ## - ADDED ENTRY ELEMENTS (KOHA) | |
| Koha item type | Dissertation |
| Source of classification or shelving scheme | Dewey Decimal Classification |
| Withdrawn status | Lost status | Damaged status | Not for loan | Home library | Current library | Shelving location | Date acquired | Total Checkouts | Barcode | Date last seen | Price effective from | Koha item type |
|---|---|---|---|---|---|---|---|---|---|---|---|---|
| . | . | 09.08.2019 | MPP004 | 09.08.2019 | 09.08.2019 | Dissertation |